| 000 | 00783 a2200325 4500 | ||
|---|---|---|---|
| 260 | _aParis | ||
| 630 | _a57 - Biologie | ||
| 037 | _b7, Achat | ||
| 650 | _a5 - SCIENCES EXACTES ET NATURELLES | ||
| 100 | _aLamotte, Maxime | ||
| 700 | _aL'Héritier, Philippe | ||
| 260 | _bEditions Doin-Deren et Cie | ||
| 245 | _aBiologie générale : I. Structure et fonctionnement de la cellulue, reproduction sexuée | ||
| 300 | _a293 p | ||
| 650 | _aBiologie | ||
| 260 | _c1968 | ||
| 300 | _b21cm | ||
| 100 | _lFr | ||
| 037 | _aS 13991 | ||
| 037 | _aS 13993 | ||
| 037 | _aS 13996 | ||
| 037 | _aS 4280 | ||
| 037 | _aS 4776 | ||
| 037 | _aS 4777 | ||
| 037 | _aS 4779 | ||
| 440 | _a"Biologie" | ||
| 250 | _a2e éd. entièrement refondue | ||
| 999 |
_c41565 _d41565 |
||